000 00414cam a2200181ua 4500
020 _c1
041 _amal
_h
082 _a894.8121
_bOLA/AE
100 _aOlappamanna, .
245 _aAehi Soonari /
_cOlappamanna.
_hTextual Documents
250 _a1 /
_b.
260 _aKottayam :
_bNational Book Stall ,
_c1965.
300 _a56 ; .
365 _a1
504 _a
942 _cBK
999 _c3988
_d3988